00458 2200181 4500001002100000005001500021008004100036020002200077035001900099041000700118082000800125090001400133100001400147245002800161260004600189300002000235650002100255INLIS00000000000332120241224112712241224||||||||| | ||| |||| || |  a978-979-22-5092-3 0010-1224003321 aid0 a813 a813 ZIZ l0 aLusiwulan00aZizi : Saksi Bulan Madu aJakartabPT. Gramedia Pustaka Utamac2009 a152 hlm.; 20 cm 0aIlmu Kesusatraan